000 00300nam a2200121Ia 4500
008 191201s2006 xx 000 0 und d
100 _aBANCROFT, Randy
245 0 _aMicrostrip and Printed Antenna Design
260 _aN. Delhi
_bPHI
_c2006
300 _a250
650 _aB.Tech(ECE)
942 _2ddc
_cBK
999 _c6647
_d6647